[Event "OLNN 1920 SF Schwerin - SC Diogenes"]
[Site "?"]
[Date "2021.08.14"]
[Round "8.8"]
[White "Schmidt, Arne"]
[Black "Mueller-Navarra, Sylvin"]
[Result "1-0"]
[WhiteElo "1674"]
[BlackElo "1947"]
[PlyCount "79"]
[EventDate "2021.??.??"]

1. Nf3 Nf6 2. g3 d5 3. c4 e6 4. Bg2 Be7 5. O-O O-O 6. d4 Nbd7 7. e3 a5 8. b3
Ne4 9. Qc2 a4 10. Ba3 Bxa3 11. Nxa3 Qe7 12. Nb5 c6 13. Nc3 Nxc3 14. Qxc3 Nf6
15. Nd2 Bd7 16. c5 Rfb8 17. bxa4 Rxa4 18. Rfb1 Bc8 19. a3 Rba8 20. Rb3 Qd8 21.
Rb4 Qa5 22. Rb3 Qxc3 23. Rxc3 Kf8 24. Bf3 Nd7 25. Bd1 R4a5 26. Nf3 f6 27. Bc2
h6 28. a4 Ke7 29. Rc1 e5 30. Nh4 Nf8 31. Rb1 g5 32. Nf5+ Bxf5 33. Bxf5 R5a7 34.
Rcb3 exd4 35. Rxb7+ Rxb7 36. Rxb7+ Kd8 37. exd4 Rxa4 38. Rf7 Rxd4 39. Rxf8+ Ke7
40. Rc8 1-0

[Event "OLNN 1920 SC Königsspringer HH - SK Do"]
[Site "?"]
[Date "2021.08.14"]
[Round "8.1"]
[White "Arndt, Magnus"]
[Black "Pfreundt, Jakob"]
[Result "1-0"]
[WhiteElo "2338"]
[BlackElo "2396"]
[PlyCount "113"]
[EventDate "2021.??.??"]

1. d4 Nf6 2. c4 e6 3. Nf3 a6 4. Nc3 d5 5. cxd5 exd5 6. Bg5 Be6 7. Qb3 Ra7 8. e4
c6 9. e5 h6 10. Bh4 g5 11. Nxg5 hxg5 12. Bxg5 Nbd7 13. exf6 b5 14. O-O-O Nxf6
15. Qc2 Be7 16. Bd3 Rg8 17. h4 Rc7 18. Kb1 Qc8 19. Rhe1 a5 20. Rc1 Kd8 21. f4
b4 22. Na4 Ne4 23. Bxe7+ Rxe7 24. Bxe4 dxe4 25. Nc5 Bd5 26. Re3 f5 27. Na4 Ke8
28. Qc5 Qd8 29. Nb6 Rxg2 30. Nc4 Kf7 31. Ne5+ Kg7 32. Ree1 Re6 33. Rg1 Rxg1 34.
Rxg1+ Kh7 35. Nf7 Qf6 36. Ng5+ Kh6 37. Nxe6 Bxe6 38. Rg5 e3 39. Qe5 Qxe5 40.
dxe5 e2 41. Rg1 Kh5 42. a3 Kxh4 43. Kc1 e1=R+ 44. Rxe1 Kg3 45. Rf1 c5 46. Kd2
Kg2 47. Rc1 Kf3 48. Rxc5 bxa3 49. bxa3 Kxf4 50. Rxa5 Ke4 51. a4 f4 52. Ke2 Bb3
53. Kf2 Kf5 54. Ra8 Kxe5 55. a5 Bd5 56. Rb8 Bc4 57. Rb6 1-0

[Event "OLNN 1920 SC Königsspringer HH - SK Do"]
[Site "?"]
[Date "2021.08.14"]
[Round "8.3"]
[White "Wanner, Lukas"]
[Black "Schmidt, Jan-Peter"]
[Result "1/2-1/2"]
[WhiteElo "2083"]
[BlackElo "2257"]
[PlyCount "26"]
[EventDate "2021.??.??"]

1. c4 c5 2. g3 g6 3. Bg2 Bg7 4. Nc3 Nc6 5. a3 d6 6. Rb1 e6 7. b4 Nge7 8. Nf3
O-O 9. O-O b6 10. Qb3 Bb7 11. Bb2 Qd7 12. e3 Rac8 13. Rfd1 Ne5 1/2-1/2

[Event "OLNN 1920 SC Königsspringer HH - SK Do"]
[Site "?"]
[Date "2021.08.14"]
[Round "8.4"]
[White "Borgmeyer, Max"]
[Black "Rieper, Julian"]
[Result "0-1"]
[WhiteElo "2182"]
[BlackElo "2110"]
[PlyCount "114"]
[EventDate "2021.??.??"]

1. e4 e5 2. Nf3 Nc6 3. d4 exd4 4. Nxd4 Nf6 5. Nxc6 bxc6 6. e5 Qe7 7. Qe2 Nd5 8.
c4 Ba6 9. b3 g6 10. g3 Bg7 11. Bb2 O-O 12. Bg2 Rae8 13. O-O Bxe5 14. Qxe5 Qxe5
15. Bxe5 Rxe5 16. cxd5 Bxf1 17. Kxf1 cxd5 18. Nc3 c6 19. Rc1 Rfe8 20. Bf3 Kf8
21. Na4 Ke7 22. Nc5 Kd6 23. Nb7+ Kc7 24. Nc5 Kd6 25. b4 Rb8 26. Nd3 Re7 27. Rc3
a5 28. bxa5 Rb5 29. Ra3 Re8 30. Ra4 Ra8 31. a6 Rb6 32. Nb4 Kc5 33. a3 Kb5 34.
Bd1 Ra7 35. Nd3 d6 36. Rf4 Kxa6 37. Nb4+ Kb5 38. Be2+ Ka5 39. Rf6 Ka4 40. Rf3
d4 41. Bd1+ Ka5 42. Rf6 c5 43. Nd5 Rb1 44. Ke2 Rd7 45. Kd2 c4 46. Nb4 Rb2+ 47.
Kc1 Rxb4 48. axb4+ Kxb4 49. Kb2 d3 50. Rf4 d5 51. Bf3 d4 52. Rf6 c3+ 53. Kb1
Rc7 54. Rb6+ Ka5 55. Rc6 Re7 56. Rc4 Re1+ 57. Ka2 c2 0-1

[Event "OLNN 1920 SC Königsspringer HH - SK Do"]
[Site "?"]
[Date "2021.08.14"]
[Round "8.5"]
[White "Saglam, Buelent"]
[Black "Wagner, Friedrich"]
[Result "1-0"]
[WhiteElo "2115"]
[BlackElo "2142"]
[PlyCount "87"]
[EventDate "2021.??.??"]

1. e4 c6 2. Nf3 d5 3. Nc3 dxe4 4. Nxe4 Nf6 5. Nxf6+ exf6 6. Bc4 Bd6 7. Qe2+ Qe7
8. Qxe7+ Kxe7 9. O-O Rd8 10. c3 Kf8 11. d4 Be6 12. Bb3 a5 13. Re1 Re8 14. Nd2
Nd7 15. Bxe6 fxe6 16. Ne4 Bc7 17. b3 e5 18. Ba3+ Kf7 19. Bd6 Bb8 20. Rad1 Rd8
21. d5 Nb6 22. Bc5 Ba7 23. Nd6+ Kg6 24. Nxb7 Rxd5 25. c4 Rxd1 26. Rxd1 a4 27.
g3 Nc8 28. Rd7 axb3 29. axb3 Bxc5 30. Nxc5 Ra5 31. Ne6 Ra7 32. Nf8+ Kf5 33. Rd8
Ne7 34. Nxh7 Rb7 35. Nf8 Rxb3 36. Rd7 Nc8 37. c5 g5 38. Rc7 Rb8 39. Rxc6 Ne7
40. Rxf6+ Ke4 41. Nd7 Rc8 42. f3+ Kd4 43. Rd6+ Ke3 44. Nb6 1-0

[Event "OLNN 1920 SC Königsspringer HH - SK Do"]
[Site "?"]
[Date "2021.08.14"]
[Round "8.6"]
[White "Lock, Adrian"]
[Black "Petri, Alexander"]
[Result "0-1"]
[WhiteElo "2072"]
[BlackElo "2139"]
[PlyCount "96"]
[EventDate "2021.??.??"]

1. e4 c6 2. d4 d5 3. Nc3 dxe4 4. Nxe4 Bf5 5. Ng3 Bg6 6. h4 h6 7. Nf3 Nd7 8. h5
Bh7 9. Bd3 Bxd3 10. Qxd3 e6 11. Bd2 Ngf6 12. O-O-O Be7 13. Ne4 Nxe4 14. Qxe4
Nf6 15. Qd3 O-O 16. Rde1 c5 17. Rh4 cxd4 18. Rxd4 Qb6 19. Be3 Bc5 20. Rh4 Rfd8
21. Bxc5 Qxc5 22. Qe2 Nxh5 23. Ne5 Nf6 24. f4 Rd4 25. Nxf7 Re4 26. Nxh6+ gxh6
27. Qd2 Qd5 28. Rxe4 Qxd2+ 29. Kxd2 Nxe4+ 30. Kd3 Nf6 31. Rxh6 Rd8+ 32. Kc4 Kg7
33. Rh3 Nd5 34. Ra3 a6 35. g3 Rc8+ 36. Kd3 Nb4+ 37. Ke4 Kf6 38. c3 Rc4+ 39. Kf3
Nd5 40. Rb3 b6 41. Ra3 a5 42. Rb3 a4 43. Rb5 a3 44. bxa3 Rxc3+ 45. Kg4 Rxa3 46.
Rb2 Ne3+ 47. Kh4 Ra8 48. Rxb6 Rh8# 0-1

[Event "OLNN 1920 SC Königsspringer HH - SK Do"]
[Site "?"]
[Date "2021.08.14"]
[Round "8.7"]
[White "Buchholz, Sebastian"]
[Black "Lampe, Joerg"]
[Result "1/2-1/2"]
[WhiteElo "2151"]
[BlackElo "2119"]
[PlyCount "57"]
[EventDate "2021.??.??"]

1. c4 e6 2. g3 d5 3. Bg2 c5 4. Nf3 Nc6 5. O-O Nf6 6. Na3 Be7 7. b3 O-O 8. Bb2
b6 9. cxd5 exd5 10. d4 Bb7 11. Rc1 Rc8 12. dxc5 bxc5 13. Bxf6 Bxf6 14. Bh3 Rb8
15. Nb5 Qe7 16. Nc3 Rfd8 17. Qd2 d4 18. Na4 d3 19. exd3 Nb4 20. Ne1 Bd4 21. Bg2
Ba6 22. Nc3 Bxd3 23. Nxd3 Nxd3 24. Nd5 Rxd5 25. Bxd5 Nxc1 26. Rxc1 Rd8 27. Bc4
Qf6 28. Qe2 h5 29. Rf1 1/2-1/2

[Event "OLNN 1920 SC Königsspringer HH - SK Do"]
[Site "?"]
[Date "2021.08.14"]
[Round "8.8"]
[White "Hloskovsky, Andrei"]
[Black "Dittrich, Gunnar"]
[Result "0-1"]
[WhiteElo "2064"]
[BlackElo "1992"]
[PlyCount "102"]
[EventDate "2021.??.??"]

1. e4 d5 2. Nc3 d4 3. Nce2 e5 4. d3 Nc6 5. g3 Bg4 6. f3 Be6 7. Bg2 Qd7 8. f4 f6
9. Nf3 O-O-O 10. O-O Bd6 11. a3 exf4 12. Nxf4 Bxf4 13. Bxf4 g5 14. Bc1 Bg4 15.
Qe1 h5 16. Qf2 h4 17. e5 hxg3 18. Qxg3 Bh3 19. exf6 Bxg2 20. Qxg2 Nxf6 21. Nxg5
Nd5 22. Rf3 Rde8 23. Bd2 Ne5 24. Rg3 Ng6 25. Rf1 Ne3 26. Bxe3 dxe3 27. Ne4 Qd4
28. c3 Qxd3 29. Rxg6 Rxe4 30. Rg8+ Re8 31. Rg3 Qd6 32. Qe2 Rhg8 33. Rff3 Qd2
34. Kf1 Rxg3 35. hxg3 Qc1+ 36. Qe1 e2+ 37. Kf2 Qxb2 38. Re3 Rf8+ 39. Kg2 Qxa3
40. Qxe2 Qa4 41. Qh5 Qc6+ 42. Kg1 Qb6 43. Qe5 a5 44. c4 a4 45. c5 Qb5 46. Re2
Kb8 47. Rf2 Rxf2 48. Kxf2 a3 49. Ke3 a2 50. Qh8+ Ka7 51. Qd4 c6 0-1

[Event "OLNN 1920 Hamburger SK III - Preetzer T"]
[Site "?"]
[Date "2021.08.14"]
[Round "8.1"]
[White "Pedersen, Steffen"]
[Black "Gaede, Derek"]
[Result "1-0"]
[WhiteElo "2332"]
[BlackElo "2273"]
[PlyCount "55"]
[EventDate "2021.??.??"]

1. d4 Nf6 2. c4 e6 3. Nc3 Bb4 4. g3 O-O 5. Bg2 d5 6. Nf3 dxc4 7. O-O c5 8. dxc5
Nc6 9. Qc2 e5 10. Ne4 Nxe4 11. Qxe4 Qe7 12. Ng5 g6 13. Qxc4 Bxc5 14. Ne4 Bd4
15. Bh6 Re8 16. Bg5 Qe6 17. Nf6+ Kh8 18. Bd5 Qf5 19. Nxe8 Qxg5 20. Nc7 Rb8 21.
Bxc6 bxc6 22. Qxf7 Bh3 23. Ne8 Qh6 24. Rfd1 Rxb2 25. Rab1 Rxe2 26. Rxd4 exd4
27. Ng7 Rb2 28. Qf8# 1-0

[Event "OLNN 1920 Hamburger SK III - Preetzer T"]
[Site "?"]
[Date "2021.08.14"]
[Round "8.2"]
[White "Poeck, Ole"]
[Black "Reinecker, Kai"]
[Result "1/2-1/2"]
[WhiteElo "2249"]
[BlackElo "2272"]
[PlyCount "75"]
[EventDate "2021.??.??"]

1. d4 Nf6 2. Nf3 e6 3. Bf4 b6 4. e3 Bb7 5. Bd3 Bd6 6. O-O Bxf4 7. exf4 O-O 8.
Nbd2 Nc6 9. c3 Ne7 10. Qe2 Ned5 11. g3 g6 12. Rfe1 c5 13. dxc5 bxc5 14. Rad1
Qc7 15. Ne5 d6 16. Nec4 Nb6 17. Na5 Rad8 18. Nxb7 Qxb7 19. c4 d5 20. cxd5 Nbxd5
21. Ne4 Nxe4 22. Bxe4 Qb6 23. h4 Nf6 24. Bf3 Rd4 25. b3 Rfd8 26. Rxd4 cxd4 27.
Rd1 h5 28. Qc4 a5 29. a3 Rb8 30. Rd3 Ng4 31. Bd1 Rd8 32. Bxg4 hxg4 33. b4 axb4
34. axb4 Kf8 35. b5 Rd5 36. Rb3 d3 37. Rxd3 Qxb5 38. Qxb5 1/2-1/2

[Event "OLNN 1920 Hamburger SK III - Preetzer T"]
[Site "?"]
[Date "2021.08.14"]
[Round "8.3"]
[White "Schwarz, Frank"]
[Black "Woelk, Tom-Frederic"]
[Result "0-1"]
[WhiteElo "2231"]
[BlackElo "2314"]
[PlyCount "48"]
[EventDate "2021.??.??"]

1. e4 c5 2. Nc3 Nc6 3. g3 g6 4. Bg2 Bg7 5. Nge2 d6 6. d3 Nf6 7. Be3 O-O 8. h3
Rb8 9. f4 Nd7 10. Qd2 Nd4 11. O-O b5 12. Nd1 b4 13. a3 b3 14. c3 Nc2 15. Rc1
Nxe3 16. Nxe3 Nb6 17. f5 Bh6 18. Nf4 e5 19. Ng4 Qg5 20. Bf3 gxf5 21. exf5 exf4
22. Be4 d5 23. Rxf4 Kh8 24. h4 Qxg4 0-1

[Event "OLNN 1920 Hamburger SK III - Preetzer T"]
[Site "?"]
[Date "2021.08.14"]
[Round "8.4"]
[White "Bracker, Arne"]
[Black "Light, Bjarne"]
[Result "1/2-1/2"]
[WhiteElo "2264"]
[BlackElo "2235"]
[PlyCount "172"]
[EventDate "2021.??.??"]

1. e4 c5 2. Nf3 Nc6 3. Bb5 e5 4. O-O Bd6 5. c3 a6 6. Bxc6 dxc6 7. d4 exd4 8.
cxd4 Bg4 9. dxc5 Bxc5 10. Qc2 Ba7 11. Nbd2 Ne7 12. b3 O-O 13. Ba3 Re8 14. Bc5
Bxc5 15. Qxc5 Ng6 16. Rfe1 Qe7 17. Qc3 Rad8 18. Re3 Nf4 19. Rae1 a5 20. g3 Ne6
21. Nc4 Bxf3 22. Rxf3 Nd4 23. Rfe3 Nb5 24. Qxa5 Ra8 25. Qd2 Red8 26. Qb2 Qb4
27. Kg2 Na3 28. Nxa3 Rxa3 29. R1e2 Rda8 30. Rd3 h6 31. Qe5 R3a5 32. Qf4 Qe7 33.
a4 b5 34. axb5 Rxb5 35. e5 Re8 36. e6 fxe6 37. Rd6 e5 38. Qc4+ Qf7 39. Qxc6
Rxb3 40. Rd7 Qe6 41. Qc7 Qg4 42. Rxe5 Rxe5 43. Rd8+ Kh7 44. Qxe5 Qf3+ 45. Kh3
Rb6 46. Qd5 Qxd5 47. Rxd5 Kg6 48. g4 Rb3+ 49. Kg2 Kf6 50. h4 Ra3 51. f3 g5 52.
Rd6+ Kg7 53. Rd7+ Kf6 54. h5 Ra6 55. Kg3 Ke6 56. Rh7 Kd5 57. Rf7 Ke6 58. Rf5
Ra2 59. Rf8 Ra6 60. Kf2 Ke5 61. Ke3 Ra3+ 62. Ke2 Ra2+ 63. Kd3 Ra3+ 64. Kc4 Ra4+
65. Kc5 Rf4 66. Re8+ Kf6 67. Rg8 Ke5 68. Rg6 Rxf3 69. Rxh6 Rh3 70. Rd6 Rh1 71.
Rd4 Rc1+ 72. Rc4 Rf1 73. Kb6 Rf4 74. Kc5 Rf1 75. Kb5 Rf2 76. Ra4 Rf1 77. Kc6
Rf4 78. Kb5 Rf1 79. Ra8 Rf2 80. Rg8 Rb2+ 81. Kc6 Kf4 82. Rg7 Kxg4 83. h6 Rh2
84. h7 Kf3 85. Rxg5 Rxh7 86. Rd5 Ke4 1/2-1/2

[Event "OLNN 1920 Hamburger SK III - Preetzer T"]
[Site "?"]
[Date "2021.08.14"]
[Round "8.5"]
[White "Skaanning-Pedersen, Kim Henrik"]
[Black "Bente, Bjoern"]
[Result "0-1"]
[WhiteElo "2276"]
[BlackElo "2226"]
[PlyCount "64"]
[EventDate "2021.??.??"]

1. e4 c6 2. Nc3 d5 3. Nf3 Bg4 4. h3 Bxf3 5. Qxf3 e6 6. d3 Nd7 7. Bd2 Ngf6 8. g4
h6 9. Qg3 d4 10. Ne2 Qb6 11. O-O-O O-O-O 12. Bg2 Nc5 13. Kb1 Na4 14. b3 Bb4 15.
f4 Bxd2 16. Rxd2 Qa5 17. Qe1 Nc3+ 18. Nxc3 dxc3 19. Rf2 c5 20. e5 Nd5 21. Bxd5
Rxd5 22. Re2 Rd4 23. Qc1 b5 24. Rhe1 c4 25. dxc4 bxc4 26. Re4 Rhd8 27. Rxd4
Rxd4 28. Qe3 cxb3 29. axb3 Qb4 30. Qf3 Kb8 31. Qc6 Rd8 32. Re4 Rd1+ 0-1

[Event "OLNN 1920 Hamburger SK III - Preetzer T"]
[Site "?"]
[Date "2021.08.14"]
[Round "8.6"]
[White "Bach, Matthias"]
[Black "Willsch, Matthias"]
[Result "1/2-1/2"]
[WhiteElo "2270"]
[BlackElo "2165"]
[PlyCount "117"]
[EventDate "2021.??.??"]

1. d4 d5 2. c4 e6 3. Nc3 c5 4. e3 Nf6 5. a3 a6 6. Nf3 dxc4 7. Bxc4 b5 8. Ba2
Bb7 9. O-O Nbd7 10. Qe2 Bd6 11. dxc5 Nxc5 12. b4 Ncd7 13. Rd1 Qb8 14. e4 O-O
15. Bb2 Ne5 16. Nd4 Nc6 17. Nf3 Ne5 18. Nd2 Rd8 19. Nf1 Bc6 20. Rd2 Qb6 21.
Rad1 Bb7 22. Kh1 Ng6 23. Qe3 Qxe3 24. Nxe3 Be7 25. f3 Rxd2 26. Rxd2 Rd8 27.
Rxd8+ Bxd8 28. Ne2 Nd7 29. Kg1 Nge5 30. Bd4 Bc7 31. h3 g6 32. Kf1 h5 33. Nc1
Nc6 34. Nb3 Nxd4 35. Nxd4 Bb6 36. Nec2 Kf8 37. Ke2 Ke7 38. Nb3 Kd6 39. Ne1 Ne5
40. Nd2 Nc6 41. Nb3 Nd4+ 42. Nxd4 Bxd4 43. Nd3 h4 44. Kd2 g5 45. Bb1 f6 46. Bc2
f5 47. exf5 exf5 48. Ne1 Ke6 49. a4 bxa4 50. Bxa4 Bd5 51. Bc2 Bb6 52. Bd3 a5
53. bxa5 Bxa5+ 54. Ke2 Ke5 55. Nc2 Bb6 56. Ne3 Bxe3 57. Kxe3 f4+ 58. Kf2 Kd4
59. Bf5 1/2-1/2

[Event "OLNN 1920 Hamburger SK III - Preetzer T"]
[Site "?"]
[Date "2021.08.14"]
[Round "8.7"]
[White "Schwarzat, Julian"]
[Black "Schumacher, Norbert"]
[Result "1/2-1/2"]
[WhiteElo "2119"]
[BlackElo "2169"]
[PlyCount "135"]
[EventDate "2021.??.??"]

1. e4 c5 2. Nf3 d6 3. d3 Nc6 4. g3 g6 5. Bg2 Bg7 6. O-O e6 7. Re1 Nge7 8. c3
O-O 9. Qe2 b6 10. h4 Ba6 11. Nbd2 Qd7 12. Nf1 Ne5 13. c4 N7c6 14. N1h2 Rfe8 15.
Be3 b5 16. Nxe5 Bxe5 17. Ng4 Nd4 18. Bxd4 Bxd4 19. e5 Qe7 20. Nf6+ Kg7 21.
Nxe8+ Rxe8 22. exd6 Qxd6 23. Kh2 Rb8 24. Rab1 Qd8 25. b3 Qf6 26. cxb5 Rxb5 27.
f4 Rb6 28. Be4 Rd6 29. Red1 Bc3 30. h5 Qd4 31. Rbc1 Bb5 32. hxg6 hxg6 33. Kg2
Bb4 34. a4 Ba6 35. Qf2 Qf6 36. g4 g5 37. f5 exf5 38. gxf5 Bc3 39. Qxc5 Bd4 40.
Qa5 Be3 41. Rc2 g4 42. Qc3 Bd4 43. Qd2 Be5 44. Rh1 Rxd3 45. Bxd3 Bb7+ 46. Kg1
Bd4+ 47. Kf1 Bxh1 48. Qh2 Bb7 49. Qh5 g3 50. Qg4+ Kf8 51. Qxg3 Be5 52. Qf2 Qh6
53. Ke2 Qh5+ 54. Kd2 Qh6+ 55. Kd1 Qh1+ 56. Bf1 f6 57. Rd2 Ba6 58. Qc5+ Ke8 59.
Rd8+ Kxd8 60. Qa5+ Ke7 61. Qxa6 Qd5+ 62. Kc2 Qc5+ 63. Qc4 Qxc4+ 64. Bxc4 a5 65.
b4 axb4 66. Kb3 Bd6 67. Be6 Kd8 68. Kc4 {(=)} 1/2-1/2

[Event "OLNN 1920 Hamburger SK III - Preetzer T"]
[Site "?"]
[Date "2021.08.14"]
[Round "8.8"]
[White "Kotyk, Michael"]
[Black "Dittmann, Hans-Adolf"]
[Result "1/2-1/2"]
[WhiteElo "1981"]
[BlackElo "2083"]
[PlyCount "106"]
[EventDate "2021.??.??"]

1. d4 Nf6 2. c4 e6 3. Nc3 Bb4 4. e3 c5 5. Nge2 b6 6. a3 Ba5 7. Rb1 Qe7 8. d5
exd5 9. cxd5 Bxc3+ 10. Nxc3 d6 11. f3 Nh5 12. Bb5+ Nd7 13. O-O a6 14. Bc6 Rb8
15. f4 Nhf6 16. e4 O-O 17. Re1 Bb7 18. e5 Ne8 19. e6 Ndf6 20. Bxb7 Rxb7 21. f5
h6 22. b4 Rc7 23. Bd2 b5 24. a4 cxb4 25. Rxb4 Rc5 26. axb5 axb5 27. Rxb5 Rxb5
28. Nxb5 Nxd5 29. Bxh6 fxe6 30. Qxd5 exd5 31. Rxe7 gxh6 32. Nd4 Nf6 33. Re6 Kf7
34. Rxd6 Rb8 35. h3 Rb1+ 36. Kh2 Re1 37. Nc6 Re2 38. Rd8 Rf2 39. Ne5+ Ke7 40.
Nc6+ Kf7 41. Ra8 Rxf5 42. Ra7+ Kf8 43. g4 Rf1 44. Kg2 Rc1 45. Nd4 Rc3 46. Nf5
Ne4 47. Rd7 Rc2+ 48. Kf3 Ng5+ 49. Kf4 Nxh3+ 50. Ke5 Nf2 51. Rd8+ Kf7 52. Rd7+
Ke8 53. Re7+ Kf8 1/2-1/2

[Event "OLNN 1920 Lübecker SV - SV Diagonale H"]
[Site "?"]
[Date "2021.08.14"]
[Round "8.1"]
[White "Fries-Nielsen, Jens Ove"]
[Black "Kalinitschew, Sergey"]
[Result "1-0"]
[WhiteElo "2367"]
[BlackElo "2434"]
[PlyCount "105"]
[EventDate "2021.??.??"]

1. d4 Nf6 2. Nc3 c5 3. e3 g6 4. g4 h6 5. Bg2 Bg7 6. h3 Na6 7. Nge2 d6 8. O-O
Rb8 9. e4 cxd4 10. Qxd4 O-O 11. Qxa7 b6 12. Nd4 Bb7 13. Nc6 Bxc6 14. Qxa6 Nd7
15. Qe2 b5 16. a3 Ne5 17. Nd5 e6 18. Nb4 Ba8 19. Rd1 Qe7 20. c3 g5 21. a4 bxa4
22. Rxa4 Ng6 23. Be3 Nf4 24. Bxf4 gxf4 25. Ra6 Rfd8 26. Rda1 Bb7 27. Ra7 Qg5
28. R1a5 d5 29. exd5 exd5 30. Rb5 Ba8 31. Rxb8 Rxb8 32. Bf3 h5 33. Qa6 hxg4 34.
hxg4 Qd8 35. Kg2 Bf8 36. Nd3 Bd6 37. Qa4 Bc7 38. Nxf4 d4 39. Bxa8 Qg5 40. Rxc7
Qxg4+ 41. Kf1 Qxf4 42. Re7 Kf8 43. Re1 Qd2 44. Rd1 Qxb2 45. cxd4 Rb6 46. Bf3
Rf6 47. Qa8+ Kg7 48. Qe4 Qb5+ 49. Qd3 Qg5 50. d5 Rg6 51. Qd4+ Kg8 52. Ra1 Rf6
53. Qg4 1-0

[Event "OLNN 1920 Lübecker SV - SV Diagonale H"]
[Site "?"]
[Date "2021.08.14"]
[Round "8.3"]
[White "Wasmuth, Matthias"]
[Black "Poghosyan, Tigran"]
[Result "0-1"]
[WhiteElo "2161"]
[BlackElo "2130"]
[PlyCount "54"]
[EventDate "2021.??.??"]

1. d4 Nf6 2. Nf3 g6 3. e3 Bg7 4. Be2 d5 5. c4 O-O 6. cxd5 Nxd5 7. e4 Nb6 8. a4
a5 9. O-O Nc6 10. Be3 Nb4 11. Nc3 c6 12. Qc1 Bg4 13. Rd1 Rc8 14. Ne1 Be6 15.
Ra3 Nc4 16. Bxc4 Bxc4 17. Bh6 Qb6 18. Bxg7 Kxg7 19. Qe3 Rcd8 20. Rd2 e5 21. Nf3
exd4 22. Nxd4 Kg8 23. Nb1 Nc2 24. Rxc2 Qxd4 25. Qxd4 Rxd4 26. Rc1 Rfd8 27. Nc3
Rd2 0-1

[Event "OLNN 1920 Lübecker SV - SV Diagonale H"]
[Site "?"]
[Date "2021.08.14"]
[Round "8.4"]
[White "Lampe, Dirk"]
[Black "Guindy, Esmat Susanne"]
[Result "1/2-1/2"]
[WhiteElo "2160"]
[BlackElo "2101"]
[PlyCount "81"]
[EventDate "2021.??.??"]

1. e4 e6 2. d4 d5 3. Nc3 Nf6 4. e5 Nfd7 5. f4 c5 6. Nf3 Nc6 7. Be3 a6 8. a3 b5
9. dxc5 Bxc5 10. Bxc5 Nxc5 11. b4 Na4 12. Nxa4 bxa4 13. Bd3 Qb6 14. Qd2 Bd7 15.
Qf2 Rb8 16. O-O Ke7 17. Rfc1 a5 18. c3 Qxf2+ 19. Kxf2 Rhc8 20. Ke3 Na7 21. Rab1
Bb5 22. Nd4 Bxd3 23. Kxd3 Nc6 24. Nxc6+ Rxc6 25. bxa5 Ra8 26. Rb7+ Ke8 27. Rb5
Rca6 28. Rcb1 Rxa5 29. Rxa5 Rxa5 30. Rb8+ Ke7 31. Rb7+ Ke8 32. Kd4 h5 33. g3 g6
34. c4 dxc4 35. Kxc4 Rd5 36. Kc3 Rc5+ 37. Kb4 Rc2 38. Kxa4 Rxh2 39. Rb8+ Ke7
40. Rb7+ Ke8 41. Rb8+ 1/2-1/2

[Event "OLNN 1920 Lübecker SV - SV Diagonale H"]
[Site "?"]
[Date "2021.08.14"]
[Round "8.5"]
[White "Martin-Sommerfeldt, Luis"]
[Black "Frohberg, Marco"]
[Result "1/2-1/2"]
[WhiteElo "2010"]
[BlackElo "2208"]
[PlyCount "67"]
[EventDate "2021.??.??"]

1. Nf3 Nf6 2. b3 g6 3. Bb2 Bg7 4. e3 b6 5. d4 Bb7 6. Nbd2 O-O 7. Bd3 d5 8. O-O
Nbd7 9. c4 e6 10. Rc1 Ne4 11. Qc2 Nxd2 12. Nxd2 Rc8 13. cxd5 exd5 14. Nf3 Re8
15. Qe2 a5 16. Rc2 Bf8 17. Ne5 Bd6 18. f4 f6 19. Nxd7 Qxd7 20. f5 g5 21. Qf3
Qe7 22. Re2 Ba3 23. Bxa3 Qxa3 24. h4 gxh4 25. Qg4+ Kh8 26. Qxh4 Qe7 27. Rf4
Rcd8 28. e4 dxe4 29. Bxe4 Qd6 30. Rd2 Bxe4 31. Rxe4 Rxe4 32. Qxe4 Qd5 33. Qe7
Qd6 34. Qe4 1/2-1/2

[Event "OLNN 1920 Lübecker SV - SV Diagonale H"]
[Site "?"]
[Date "2021.08.14"]
[Round "8.6"]
[White "Thannheiser, Thomas"]
[Black "Becker, Martin"]
[Result "1-0"]
[WhiteElo "2205"]
[BlackElo "1924"]
[PlyCount "87"]
[EventDate "2021.??.??"]

1. e4 c5 2. Nf3 Nf6 3. e5 Nd5 4. c3 Nc6 5. d4 cxd4 6. cxd4 e6 7. a3 d6 8. Bd3
dxe5 9. dxe5 Qc7 10. O-O g6 11. Re1 Bg7 12. Qe2 O-O 13. Bd2 Bd7 14. Nc3 Nxc3
15. Bxc3 Rfd8 16. Rac1 Qb6 17. Qe4 Be8 18. h4 Ne7 19. Bd4 Qa5 20. Qxb7 Nd5 21.
Qa6 Qxa6 22. Bxa6 Bh6 23. Rc5 Bf8 24. Rc4 Rab8 25. b4 Ba4 26. Rec1 Bh6 27. Ng5
Bd7 28. g3 Kg7 29. f4 Bxg5 30. hxg5 h5 31. Bf2 Bb5 32. Bxb5 Rxb5 33. Rc5 Rbb8
34. Kg2 Ra8 35. Ra5 Rd7 36. Rc6 Kg8 37. Kf3 Ne7 38. Rd6 Rc7 39. Bc5 Nc6 40. Ra6
Nb8 41. Rd8+ Kh7 42. Ra5 Nc6 43. Rxa8 Nxa5 44. Rxa7 1-0

[Event "OLNN 1920 Lübecker SV - SV Diagonale H"]
[Site "?"]
[Date "2021.08.14"]
[Round "8.7"]
[White "Holst, Marten"]
[Black "Koop, Thilo"]
[Result "0-1"]
[WhiteElo "1931"]
[BlackElo "2154"]
[PlyCount "52"]
[EventDate "2021.??.??"]

1. b3 d6 2. Bb2 Nd7 3. g3 Ngf6 4. Bg2 e5 5. c4 g6 6. Nc3 Bg7 7. d4 O-O 8. dxe5
Nxe5 9. Nf3 Nxf3+ 10. Bxf3 Bh3 11. Bxb7 Ng4 12. Bxa8 Qxa8 13. Qd5 Qe8 14. Nd1
c6 15. Qf3 Bh6 16. Qc3 f6 17. f3 Ne5 18. Nf2 Bg2 19. f4 Nf3+ 20. Kd1 Bxh1 21.
exf3 Bg2 22. Kd2 Qe5 23. Qc2 Bxf4+ 24. gxf4 Qxf4+ 25. Kd3 Qxf3+ 26. Kd4 c5# 0-1

[Event "OLNN 1920 Lübecker SV - SV Diagonale H"]
[Site "?"]
[Date "2021.08.14"]
[Round "8.8"]
[White "Bosselmann, Tom Linus"]
[Black "Haschimi, Haschem"]
[Result "1-0"]
[WhiteElo "2037"]
[BlackElo "1892"]
[PlyCount "71"]
[EventDate "2021.??.??"]

1. e4 c6 2. Nc3 d5 3. Nf3 Bg4 4. h3 Bh5 5. exd5 cxd5 6. g4 Bg6 7. Bb5+ Nc6 8.
Ne5 Rc8 9. Qf3 a6 10. Bxc6+ bxc6 11. h4 Qc7 12. d4 e6 13. Bf4 Qb7 14. Nxg6 hxg6
15. O-O-O Be7 16. g5 Bb4 17. Be5 Bf8 18. h5 gxh5 19. Rxh5 Rxh5 20. Qxh5 Ne7 21.
Re1 g6 22. Qh7 Nf5 23. Bf6 Ne7 24. Qh8 Nf5 25. Qh7 Ne7 26. Be5 c5 27. dxc5 Rxc5
28. Bd6 Rc6 29. Ba3 Qc7 30. Bxe7 Qf4+ 31. Kb1 Bxe7 32. Qh8+ Kd7 33. Qa8 Qxf2
34. Rd1 d4 35. Qa7+ Rc7 36. Rxd4+ 1-0

[Event "OLNN 1920 SV Diagonale Harburg - Schach"]
[Site "?"]
[Date "2021.08.15"]
[Round "9.3"]
[White "Neffe, Axel"]
[Black "Wasmuth, Matthias"]
[Result "1/2-1/2"]
[WhiteElo "2239"]
[BlackElo "2161"]
[PlyCount "111"]
[EventDate "2021.??.??"]

1. e4 c5 2. Nf3 d6 3. d4 cxd4 4. Nxd4 Nf6 5. Nc3 g6 6. h3 Bg7 7. Bc4 O-O 8. Be3
Nc6 9. Bb3 Nd7 10. O-O Nb6 11. Nd5 Na5 12. Nxb6 axb6 13. Qd3 Bd7 14. Rad1 Nxb3
15. Qxb3 Qc7 16. Rd2 Bxd4 17. Bxd4 Be6 18. Qe3 Rxa2 19. f4 Bc4 20. Rf3 f6 21.
f5 Rf7 22. Bxb6 Qc6 23. Bd4 Rg7 24. Qf4 g5 25. Qg4 Bf7 26. Rc3 Qe8 27. Rc7 b5
28. Qg3 h5 29. b3 b4 30. Qe1 g4 31. h4 Ra8 32. g3 Rc8 33. Rb7 Rb8 34. Ra7 Kh7
35. Qa1 Bg8 36. Qa5 Qc6 37. Re2 Qb5 38. Qxb5 Rxb5 39. Kf2 e5 40. fxe6 Rxa7 41.
Bxa7 Bxe6 42. Rd2 d5 43. exd5 Bxd5 44. Ke3 Kg6 45. Kd4 Be6 46. Bc5 Rb7 47. Re2
Kf7 48. Rf2 Kg6 49. Ke4 Rb5 50. Kd4 Rb7 51. Bd6 Rb5 52. Ke3 Bf5 53. Rd2 Kf7 54.
Kd4 Be6 55. Bc5 Rb7 56. Rf2 1/2-1/2